| 000 | 00466nam a2200181Ia 4500 | ||
|---|---|---|---|
| 005 | 20250326130012.0 | ||
| 008 | 250326s9999 xx 000 0 und d | ||
| 037 | _aTextbook | ||
| 040 |
_aFMSL _beng _cFMSL |
||
| 041 |
_aeng _2eng |
||
| 084 |
_aX:74 N8 _qFMSL |
||
| 100 | _aLowe C W | ||
| 245 | 0 |
_aIndustrial statisties _cLowe C W |
|
| 260 |
_aLondon _bLondon, Business _c1968 |
||
| 300 | _a315p | ||
| 942 |
_cTB _hX:74 N8 |
||
| 999 |
_c1280516 _d1280516 |
||